| 000 | 00625nam a22001937a 4500 | ||
|---|---|---|---|
| 005 | 20251108164136.0 | ||
| 008 | 250721s9999 xx 000 0 ara d | ||
| 082 | 1 | 4 | _a909/جود |
| 100 | 1 | _aجودة، محمد غريب | |
| 245 | 1 | 0 |
_aموجز تاريخ العالم : _bبالسنوات و الأحداث / |
| 264 | 1 |
_aالقاهرة : _bمكتبة القران، _c[19-]. |
|
| 300 | _a303ص | ||
| 490 | 0 | _aموسوعة المعلومات الأساسية | |
| 650 | 1 | 7 | _aالتاريخ الإسلامي |
| 650 | 1 | 7 | _aتاريخ العرب |
| 650 | 1 | 7 | _aتاريخ أوروبا |
| 942 |
_2ddc _cBK |
||
| 999 |
_c4686 _d4686 |
||